00000000nas 2200000zi 4500
0019.512569
003CaOODSP
00520250609135838
006m     o  d f      
007cr cn ||||||||
008150406d20132014oncar p os   f0   a0eng|d
022 |a2368-9714
040 |aCaOODSP|beng|erda|cCaOODSP
043 |an-cn---
0861 |aCi1-8/9E-PDF
222 0|aCanada facts and figures, immigrant overview. Permanent residents
24500|aCanada facts and figures, immigrant overview. |pPermanent residents.
264 1|a[Ottawa] : |bCitizenship and Immigration Canada = Citoyenneté et immigration Canada, |c[2014-2015]
310 |aAnnual
336 |atext|btxt|2rdacontent
337 |acomputer|bc|2rdamedia
338 |aonline resource|bcr|2rdacarrier
3621 |aBegan with: 2013; ceased with: 2014.
500 |aIssued also in French under title: Canada faits et chiffres, aperçu de l'immigration. Résidents permanents.
550 |aProduced by Research and Evaluation Branch, Citizenship and Immigration Canada.
588 |aDescription based on: 2013; title from PDF cover page.
588 |aLatest issue consulted: 2014.
651 0|aCanada|xEmigration and immigration|vStatistics|vPeriodicals.
655 7|aPeriodicals|2lcgft
655 7|aStatistics|2lcgft
7101 |aCanada. |bCitizenship and Immigration Canada. |bResearch and Evaluation Branch, |eissuing body.
77508|tCanada faits et chiffres, aperçu de l'immigration. |w(CaOODSP)9.515930
78000|tFacts and figures ..., immigration overview|w(CaOODSP)9.505817